| 000 | 01079nam a2200253Ia 4500 | ||
|---|---|---|---|
| 003 | OSt | ||
| 005 | 20200827094444.0 | ||
| 008 | 191128s2011 ck frl f000 0 spa d | ||
| 020 | _a9789589266625 | ||
| 040 |
_aCO-JMCR _cCO-JMCR |
||
| 041 | 0 | _aspa | |
| 082 | 0 | 4 |
_a350.722 / _bC718a _223 |
| 110 | 1 |
_aColombia. _bMinisterio de Hacienda y Crédito Público _97620 |
|
| 245 | 1 | 0 |
_aAspectos generales del proceso presupuestal Colombiano / _cMinisterio de Hacienda y Crédito Público |
| 250 | _a2a. edición | ||
| 260 |
_aBogotá : _bMinisterio de Hacienda y Crédito Público, _c2011 |
||
| 300 |
_a533 páginas ; _c24 cm. |
||
| 505 | 0 | _aEl presupuesto público: definición y conceptos básicos -- Aspectos generales de las etapas del proceso presupuestal de los órganos que conforman el Presupuesto General de la Nación -- Clasificadores presupuestales | |
| 650 | 1 | 4 |
_aPresupuesto _zColombia _99328 |
| 650 | 1 | 4 |
_aGastos públicos _zColombia _96959 |
| 650 | 1 | 4 |
_aProcedimiento presupuestal _zColombia _99329 |
| 650 | 1 | 4 |
_aProceso presupuestal _zColombia _98587 |
| 942 |
_2ddc _cBK |
||
| 999 |
_c4349 _d4349 |
||